| 000 | 00345nam a22001457a 4500 | ||
|---|---|---|---|
| 003 | SGT | ||
| 082 |
_a615.532 _bL16N |
||
| 100 | _aNATH,E.B. | ||
| 245 | _aLEADERS IN HOMOEOPATHIC THERAPEUTICS WITH GROOPING & CLASSIFICATION | ||
| 250 | _a1ST | ||
| 260 |
_aINDIA _bB JAIN PUB _c2016 |
||
| 300 | _a516 | ||
| 650 | _aHOMOEOPATHIC | ||
| 942 |
_2ddc _cBK |
||
| 999 |
_c18617 _d18617 |
||